000 01996cam a22004694i 4500
003 PE-LiUPU
005 20250731183414.0
008 190103s2016 enka rb 001 0 eng d
020 _a1138849472
020 _a9781138849471
035 _a(Sirsi) a251298
040 _aPE-LiUPU
_bspa
_cPE-LiUPU
_erda
049 _aPRUA
082 0 4 _a720.72
_bR4
_220
245 0 0 _aResearch methodology in the built environment :
_ba selection of case studies /
_cedited by Vian Ahmed, Alex Opoku and Zeeshan Aziz.
264 1 _aLondon :
_bRoutledge, Taylor & Francis Group,
_c2016.
300 _axx, 288 páginas :
_bilustraciones ;
_c24 centímetros
336 _atext
_2rdacontent
337 _aunmediated
_2rdamedia
338 _avolume
_2rdacarrier
504 _aBibliografía al final de cada capítulo.
504 _aÍndice: páginas 284-288.
505 0 _aThe thought process of the research journey -- Quantitative research -- Qualitative research -- MIxed methods research -- Action reserch -- Grounded theory reserch -- Design science reserch.
526 _aP158
526 _aP146
526 _aP17
526 _aP12
526 _aP06
541 _g001-003716;
650 0 4 _aArquitectura.
_94555
650 0 4 _aInvestigación en arquitectura.
700 1 _aAhmed, Vian,
_eeditor.
700 1 _aOpoku, Alex,
_eeditor.
700 1 _aAziz, Zeeshan,
_eeditor.
710 2 _aRoutledge.
910 _adbm
_bjpc
_cjpc
_d20190103
942 _2ddc
_cBOOK
994 _aC0
_bPEPRU
596 _a1
999 _a720.72 R4
_wDEWEY
_c30717
_i79660
_f2021-11-9
_g4
_lCCODEBUL1
_mBUL
_p50.00
_r0
_sY
_tBOOK
_u2019-1-3
_xINGENIERIA
_PP25
_0COMPRA
_1FCOMPR2
_o.STAFF. Colección Ingeniería y Arquitectura
_d30717
999 _a720.72 R4
_wDEWEY
_c2
_i79661
_f2021-11-9
_g4
_lCCODEBUL1
_mBUL
_p50.00
_r0
_sY
_tBOOK
_u2019-1-3
_xINGENIERIA
_PP25
_0COMPRA
_1FCOMPR2
_o.STAFF. Colección Ingeniería y Arquitectura
980 _81
_gALBERTO SANCHEZ Responsable de Automatización